Vibration and impact. (Record no. 544270)
[ view plain ]
| 000 -LEADER | |
|---|---|
| fixed length control field | 00508cam a22001691 4500 |
| 082 ## - DEWEY DECIMAL CLASSIFICATION NUMBER | |
| Classification number | 531.32 |
| Author Mark | BUR |
| -- | L-5, P-13 |
| 100 1# - MAIN ENTRY--PERSONAL NAME | |
| Personal name | Burton, Ralph A. |
| 9 (RLIN) | 39852 |
| 245 00 - TITLE STATEMENT | |
| Title | Vibration and impact. |
| 260 ## - PUBLICATION, DISTRIBUTION, ETC. | |
| Place of publication, distribution, etc. | Reading, Mass., |
| Name of publisher, distributor, etc. | Addison-Wesley Pub. Co. |
| Date of publication, distribution, etc. | [1958] |
| 300 ## - PHYSICAL DESCRIPTION | |
| Extent | 310 p. |
| Other physical details | illus. |
| Dimensions | 24 cm. |
| 526 ## - STUDY PROGRAM INFORMATION NOTE | |
| Program name | 0 |
| Interest level | 0 |
| Reading level | 0 |
| Title point value | 531_320000000000000_BUR |
| 526 ## - STUDY PROGRAM INFORMATION NOTE | |
| Program name | 0 |
| Interest level | 0 |
| Reading level | 0 |
| Title point value | 531_320000000000000_BUR |
| 526 ## - STUDY PROGRAM INFORMATION NOTE | |
| Program name | 0 |
| Interest level | 0 |
| Reading level | 0 |
| Title point value | 531_320000000000000_BUR |
| 650 #0 - SUBJECT ADDED ENTRY--TOPICAL TERM | |
| Topical term or geographic name entry element | MCE |
| 9 (RLIN) | 379 |
| 650 #0 - SUBJECT ADDED ENTRY--TOPICAL TERM | |
| Topical term or geographic name entry element | Vibration. |
| 9 (RLIN) | 39230 |
| 942 ## - ADDED ENTRY ELEMENTS (KOHA) | |
| Source of classification or shelving scheme | |
| Koha item type | Book |
| Withdrawn status | Lost status | Source of classification or shelving scheme | Damaged status | Not for loan | Permanent Location | Current Location | Date acquired | Total Checkouts | Full call number | Barcode | Date last seen | Price effective from | Koha item type |
|---|---|---|---|---|---|---|---|---|---|---|---|---|---|
| Military College of Engineering (MCE) | Military College of Engineering (MCE) | 04/16/2014 | 531.32 BUR | MCE-2488 | 04/16/2014 | 04/16/2014 | Book | ||||||
| Military College of Engineering (MCE) | Military College of Engineering (MCE) | 04/16/2014 | 531.32 BUR | MCE-2593 | 04/16/2014 | 04/16/2014 | Book | ||||||
| Military College of Engineering (MCE) | Military College of Engineering (MCE) | 04/16/2014 | 531.32 BUR | MCE-33195 | 04/16/2014 | 04/16/2014 | Book |
